000 00761cam a22002530 4500
999 _c5590
_d5590
003 OSt
005 20220421080907.0
008 220421b ||||| |||| 00| 0 eng d
020 _a0443020035
040 _cALUPE UNIVERSITY
050 _aQM23.2
_b.L86 1985
100 1 _aLumley, J. S. P.
245 1 0 _aEssental anatomy and some clinical applications /
_cJ.S.P. Lumley, J.L. Craven, J.T. Aitken.
250 _a3rd ed.
260 _aEdinburgh ;
_aNew York :
_bC. Livingstone,
_c1980.
300 _axi, 480 p. :
_bill. ;
_c22 cm.
500 _aIncludes index.
650 0 _aHuman anatomy.
650 0 _aAnatomy, Surgical and topographical.
700 1 _aCraven, J. L.
700 1 _aAitken, J. T.
_q(John Thomas)
930 1 _hQM23.2
942 _2lcc
_cBK
_nMM